|
|
|
|
| LEADER |
01052nam a22002772a 4500 |
| 001 |
000051280 |
| 003 |
CZ BrMZK |
| 005 |
20071122084206.0 |
| 007 |
ta |
| 008 |
951201s1988 xr f cze d |
| 040 |
|
|
|a BOA001
|b cze
|
| 041 |
0 |
|
|a cze
|b eng
|b ger
|
| 080 |
9 |
|
|a 78.071.1(436)"17":929 Haydn, Joseph
|
| 100 |
1 |
|
|a Poštolka, Milan,
|d 1932-1993
|7 jk01100776
|
| 245 |
1 |
0 |
|a Mladý Joseph Haydn :
|b jeho vývoj ke klasickému slohu /
|c Milan Poštolka
|
| 260 |
|
|
|a Praha :
|b Panton,
|c 1988
|
| 300 |
|
|
|a 238 s.
|
| 504 |
|
|
|a Obsahuje bibliografii
|
| 546 |
|
|
|a Anglické a německé resumé
|
| 856 |
4 |
1 |
|u http://www.digitalniknihovna.cz/mzk/uuid/uuid:d7b15ee0-e372-11e4-a475-005056827e51
|y Digitalizovan dokument
|
| 910 |
|
|
|a BOA001
|b PK-N-0027.438
|b 4-0938.219
|
| 920 |
|
|
|a 000234581
|
| 964 |
|
|
|a Haydn, Joseph - životopisy
|
| 990 |
|
|
|a BK
|
| 996 |
7 |
|
|b 2619897705
|c 4-0938.219
|l MZK
|r Sklad / do 1 hodiny
|n 22
|w 000051280
|u 000020
|a 1
|e BOA001
|j MZK50
|s A
|
| 996 |
7 |
|
|b 3119978318
|c PK-N-0027.438
|l MZK
|r Sklad / do 1 hodiny
|n 8
|w 000051280
|u 000010
|a 1
|e BOA001
|j MZK50
|s A
|